02815namaa2200433uu 4500001001100000003000600011005001700017006001900034007001500053008004100068020001800109020001800127020001800145020001800163024003100181040001700212041000800229042000700237072001500244720002400259245009700283260002700380300002200407336002600429337002600455338003600481506005100517520125000568540006301818546001201881650002201893653023001915720003002145720003002175720002402205793001802229856011702247999001702364doab122133oapen20260305123951.0m o d cr|mn|---annan231117s2019 xx |||||o ||| 0|eng d a9780367784379 a9781138488069 a9781351042109 a97813510421097 a10.4324/97813510421092doi aoapencoapen0 aeng adc 7aRG2bicssc1 aWright, Claire4edt00aThe Prior Consultation of Indigenous Peoples in Latin AmericabInside the Implementation Gap bTaylor & Francisc2019 a1 online resource atextbtxt2rdacontent acomputerbc2rdamedia aonline resourcebcr2rdacarrier0 aFree-to-readfUnrestricted online access2star aThis book delves into the reasons behind and the consequences of the implementation gap regarding the right to prior consultation and the Free, Prior and Informed Consent (FPIC) of Indigenous Peoples in Latin America. In recent years, the economic and political projects of Latin American States have become increasingly dependent on the extractive industries. This has resulted in conflicts when governments and international firms have made considerable investments in those lands that have been traditionally inhabited and used by Indigenous Peoples, who seek to defend their rights against exploitative practices. After decades of intense mobilisation, important gains have been made at international level regarding the opportunity for Indigenous Peoples to have a say on these matters. Notwithstanding this, the right to prior consultation and the FPIC of Indigenous Peoples on the ground are far from being fully applied and guaranteed. And, even when prior consultation processes are carried out, the outcomes remain uncertain. This volume rigorously investigates the causes of this implementation gap and its consequences for the protection of Indigenous Peoples' rights, lands, identities and ways of life in the Latin American region. aAll rights reserveduhttp://oapen.org/content/about-rights aEnglish 7aGeography2bicssc aconsultation rights, FPIC, Free, Prior and Informed consent, indigenous, Indigenous communities, Indigenous consultation, indigenous prior consultation, Indigenous rights, Indigenous threats, latin america, prior consultation1 aTomaselli, Alexandra4edt1 aTomaselli, Alexandra4oth1 aWright, Claire4oth0 aDOAB Library.40uhttps://directory.doabooks.org/handle/20.500.12854/12213370zFree-to-read: DOAB: description of the publication c93093d93093